<?xml version="1.0" encoding="UTF-8"?>
<record
    xmlns:xsi="http://www.w3.org/2001/XMLSchema-instance"
    xsi:schemaLocation="http://www.loc.gov/MARC21/slim http://www.loc.gov/standards/marcxml/schema/MARC21slim.xsd"
    xmlns="http://www.loc.gov/MARC21/slim">

  <leader>01574nam a2200229Ia 4500</leader>
  <datafield tag="952" ind1=" " ind2=" ">
    <subfield code="0">0</subfield>
    <subfield code="1">0</subfield>
    <subfield code="4">0</subfield>
    <subfield code="7">0</subfield>
    <subfield code="a">04</subfield>
    <subfield code="b">04</subfield>
    <subfield code="d">2019-12-04</subfield>
    <subfield code="l">1</subfield>
    <subfield code="o">HF5415.32 A56 2015</subfield>
    <subfield code="p">04 002621</subfield>
    <subfield code="r">2024-03-06</subfield>
    <subfield code="s">2024-02-28</subfield>
    <subfield code="t">1</subfield>
    <subfield code="w">2019-12-04</subfield>
    <subfield code="y">LB</subfield>
  </datafield>
  <datafield tag="999" ind1=" " ind2=" ">
    <subfield code="c">62603</subfield>
    <subfield code="d">62603</subfield>
  </datafield>
  <controlfield tag="008">120625s20152017mx            000 0 spa d</controlfield>
  <datafield tag="020" ind1=" " ind2=" ">
    <subfield code="a">9786076226773</subfield>
  </datafield>
  <datafield tag="020" ind1=" " ind2=" ">
    <subfield code="a">9788473568937</subfield>
  </datafield>
  <datafield tag="050" ind1="1" ind2="4">
    <subfield code="a">HF5415.32</subfield>
    <subfield code="b">A56 2015</subfield>
  </datafield>
  <datafield tag="100" ind1="1" ind2=" ">
    <subfield code="a">Alonso Rivas, Javier</subfield>
    <subfield code="e">autor</subfield>
  </datafield>
  <datafield tag="245" ind1="1" ind2="0">
    <subfield code="a">Comportamiento del consumidor</subfield>
    <subfield code="b">: decisiones y estrategia de marketing</subfield>
    <subfield code="c">/ Javier Alonso Rivas e Ildefonso Grande Esteban</subfield>
  </datafield>
  <datafield tag="250" ind1=" " ind2=" ">
    <subfield code="a">8a edici&#xF3;n</subfield>
  </datafield>
  <datafield tag="260" ind1="3" ind2=" ">
    <subfield code="a">M&#xE9;xico</subfield>
    <subfield code="b">: Alfaomega</subfield>
    <subfield code="b">: ESIC</subfield>
    <subfield code="b">, 2015</subfield>
  </datafield>
  <datafield tag="300" ind1=" " ind2=" ">
    <subfield code="a">504 p&#xE1;ginas</subfield>
    <subfield code="b">: ilustraciones</subfield>
    <subfield code="c">; 23 cm</subfield>
  </datafield>
  <datafield tag="500" ind1=" " ind2=" ">
    <subfield code="a">Reimpresi&#xF3;n: 2017</subfield>
  </datafield>
  <datafield tag="500" ind1=" " ind2=" ">
    <subfield code="a">Incluye:
Presentaci&#xF3;n
&#xCD;ndice de contenido

Bibliograf&#xED;a al final de cada cap&#xED;tulo </subfield>
  </datafield>
  <datafield tag="505" ind1=" " ind2=" ">
    <subfield code="a">Marketing y comportamiento del consumidor
La integraci&#xF3;n interdisciplinar y el estudio de las necesidades
Los modelos de comportamiento del consumidor
El entorno de la demanda
Cultura y comportamiento del consumidor
Los estratos sociales
An&#xE1;lisis de los grupos y de la familia
Procesamiento de la informaci&#xF3;n: an&#xE1;lisis de la percepci&#xF3;n
Aprendizaje y memoria
Personalidad y estilos de vida
Actitudes y cambio de actitudes
Reconocimiento del problema y b&#xFA;squeda de informaci&#xF3;n
Procesos de compra y actuaciones postcompra
El comprador y la compra electr&#xF3;nica: estrategias de fidelizaci&#xF3;n
La investigaci&#xF3;n del consumidor
Consumerismo, sociedad, marketing y &#xE9;tica </subfield>
  </datafield>
  <datafield tag="519" ind1=" " ind2=" ">
    <subfield code="a">Plan Flexible /</subfield>
    <subfield code="b">Mercadotecnia Digital /</subfield>
    <subfield code="c">Comportamiento del Consumidor (P25-2) /</subfield>
    <subfield code="d">(04 002621)</subfield>
  </datafield>
  <datafield tag="650" ind1="1" ind2="0">
    <subfield code="a">CONSUMIDOR </subfield>
    <subfield code="x"> COMPORTAMIENTO</subfield>
  </datafield>
  <datafield tag="700" ind1="1" ind2=" ">
    <subfield code="a">Grande Esteban, Ildefonso</subfield>
    <subfield code="e">autor</subfield>
  </datafield>
  <datafield tag="942" ind1=" " ind2=" ">
    <subfield code="2">lcc</subfield>
    <subfield code="c">LB</subfield>
  </datafield>
</record>
